S dušou tuláka 2

Bibliographic Details
Main Author: Ledecký, Vladimír, 1966- (Author)
Other Authors: Repaský, Ľubomír, 1971- (Illustrator)
Format: Book
Language:Slovak
PhysicalDescription:101 s. ilustr. 21 cm
Published: Levoča Polypress 2007
ISBN:9788088704669
Edition:[1. vyd.]
Subjects:

MARC

LEADER 00000nam a2200000 a 4500
001 vtls009310909
003 SK-MaSNL
005 20260301223904.0
008 240315s2007 xo a d 000 jaslo
015 |a SNBA2008/09-04021 
020 |a 9788088704669  |q (viaz.) 
035 |a 73FF6ED2-EA8D-439A-91AC-CF3C4F91932D 
035 |a urn:nbn:sk:snk-amkz3v 
035 |a urn:nbn:sk:snk-am008pf3 
040 |a SNK  |b slo  |c SNK  |e AACR2 
041 0 |a slo 
044 |a xo  |c SK 
072 7 |a 821.162.4-3  |x Slovenská próza  |2 konspekt 
072 7 |a 929  |x Biografie  |2 konspekt 
080 |a 910.4  |2 2001 
080 |a 821.162.4-32  |2 2001 
080 |a (0:82-992)  |2 2001 
080 |a (0:82-94)  |2 2001 
100 1 |a Ledecký, Vladimír,  |d 1966-  |4 aut  |9 111227 
245 1 0 |a S dušou tuláka  |n 2  |c Vladimír Ledecký ; [ilustrácie Ľubomír Repaský] 
250 |a [1. vyd.] 
260 |a Levoča  |b Polypress  |c 2007 
300 |a 101 s.  |b ilustr.  |c 21 cm 
600 1 7 |a Ledecký, Vladimír,  |d 1966-  |2 SNKMA  |9 111227 
650 0 7 |a cestovanie  |2 SNKPH  |9 18846 
655 7 |a slovenské príbehy  |2 SNKPH  |9 70494 
655 7 |a cestopisy  |2 SNKPH  |9 70220 
655 7 |a autobiografické spomienky  |2 SNKPH  |9 70489 
700 1 |a Repaský, Ľubomír,  |d 1971-  |4 ill  |9 115845 
919 |a 978-80-88704-66-9 
958 |a LX 
958 |a OND 
968 |d 821 
999 |c 945239  |d 947169 
952 |a SNK  |b SNK  |y VYP  |7 0  |p 17A0593840  |o snkSC 132453/2 D1  |i snk2008/14037  |8 0  |0 0  |1 0  |4 0  |d 2008-07-10  |l 0  |r 2026-02-24 09:31:22  |w 2026-02-24 
952 |a SNK  |b SNK  |y PREZ  |7 0  |p 17A0593839  |o snkSC 132453/2  |i snk2008/14036  |8 0  |0 0  |1 0  |4 0  |d 2008-07-10  |f 1  |l 0  |r 2025-06-23 00:00:00  |w 2026-02-24